00426nam a2200181Ia 4500003000400000005001700004008004100021020001800062040000700080041000800087082001500095100001800110245004200128250000600170260003700176300001800213365001300231OSt20230411161816.0210423s2009 xx 000 0 und d a9780070153288 cAL aeng a658.5 SAXJ aSAXENA (J P). aProduction and operations management. a2 aNew DelhibTata McGrawhillc2009 axxiii,580bPB b410cINR